000 00840nam a2200217 a 4500
001 000023974
005 20200930022619.0
008 110118s1994 dr c 000 0 spa d
040 _aDO-SdBNP
_bspa
_cBNPHU
082 _axxxx
_bV258p
100 1 _aVaníer, Jean,
_d1928-
_949313
240 1 3 _a"Le pauvre au coeuer de l'Arche"
_lfre
245 1 3 _aEl pobre :
_bcorazón del arca /
_cJean Vaníer ; traducción Francoise Uylenbroeck (chica), Nilda y Antonio Torres.
260 _aSanto Domingo :
_bEdiciones MSC,
_c1994.
300 _a55 p. :
_bretrs. ;
_c22 cm.
490 1 _aCuando el pobre cree en el pobre...
500 _aIncluye datos biográficos del autor en la contracubierta
504 _aIncluye referencias bibliográficas y notas al pie de las páginas
830 0 _aCuando el pobre cree en el pobre...
_949314
049 _aBNPD
999 _c23469
_d23469